Dark calling / (Record no. 234734)

000 -LEADER
fixed length control field 01125cam a2200301 a 4500
001 - CONTROL NUMBER
control field 15733026
003 - CONTROL NUMBER IDENTIFIER
control field Nust
005 - DATE AND TIME OF LATEST TRANSACTION
control field 20170330102048.0
008 - FIXED-LENGTH DATA ELEMENTS--GENERAL INFORMATION
fixed length control field 090511s2009 nyu d 000 1 eng
010 ## - LIBRARY OF CONGRESS CONTROL NUMBER
LC control number 2009017472
020 ## - INTERNATIONAL STANDARD BOOK NUMBER
International Standard Book Number 9780007260454
040 ## - CATALOGING SOURCE
Original cataloging agency DLC
Transcribing agency DLC
Modifying agency DLC
042 ## - AUTHENTICATION CODE
Authentication code lcac
050 00 - LIBRARY OF CONGRESS CALL NUMBER
Classification number PZ7.S52823
Item number Dar 2009
082 00 - DEWEY DECIMAL CLASSIFICATION NUMBER
Classification number 823
Author Mark SHA
100 1# - MAIN ENTRY--PERSONAL NAME
Personal name Shan, Darren.
245 10 - TITLE STATEMENT
Title Dark calling /
Statement of responsibility, etc. by Darren Shan.
250 ## - EDITION STATEMENT
Edition statement 1st ed.
260 ## - PUBLICATION, DISTRIBUTION, ETC.
Place of publication, distribution, etc. New York :
Name of publisher, distributor, etc. Little, Brown,
Date of publication, distribution, etc. 2009.
300 ## - PHYSICAL DESCRIPTION
Extent 222 p. ;
Dimensions 22 cm.
490 0# - SERIES STATEMENT
Series statement Demonata ;
Volume/sequential designation bk. 9
520 ## - SUMMARY, ETC.
Summary, etc. The Disciples are being manipulated by beings older than time, and only Kernel Fleck knows that something is wrong.
650 #1 - SUBJECT ADDED ENTRY--TOPICAL TERM
Topical term or geographic name entry element Demonology
Form subdivision Fiction.
650 #1 - SUBJECT ADDED ENTRY--TOPICAL TERM
Topical term or geographic name entry element Magic
Form subdivision Fiction.
650 #1 - SUBJECT ADDED ENTRY--TOPICAL TERM
Topical term or geographic name entry element Werewolves
Form subdivision Fiction.
650 #1 - SUBJECT ADDED ENTRY--TOPICAL TERM
Topical term or geographic name entry element Horror stories.
906 ## - LOCAL DATA ELEMENT F, LDF (RLIN)
a 7
b cbc
c orignew
d 1
e ecip
f 20
g y-gencatlg
942 ## - ADDED ENTRY ELEMENTS (KOHA)
Source of classification or shelving scheme
Koha item type Book
Holdings
Withdrawn status Lost status Source of classification or shelving scheme Damaged status Not for loan Permanent Location Current Location Shelving location Date acquired Total Checkouts Full call number Barcode Date last seen Date last checked out Copy number Price effective from Koha item type
          Central Library (CL) Central Library (CL) Fiction 03/30/2017 2 823 SHA CL1457 06/27/2023 06/18/2023 1 03/30/2017 Book
© 2023 Central Library, National University of Sciences and Technology. All Rights Reserved.